00585nam a2200121 a 4500008004100000050002200041110005900063245013400122260007400256300002200330650006100352650005000413130730s2013 ||||||||||||||||| || u aCOMESA(02)2013/2A aCommon Market for Eastern and Southern Africa (COMESA)10aTreaty: establishing the Common Market for Eastern and Southern Africa cby Common Market for Eastern and Soutern Africa [COMESA] aLusaka:bCommon Market for Eastern and Southern Africa (COMESA)c2013 a[xx], 280p.: ill. aCOMMON MARKET FOR EASTERN AND SOUTHERN AFRICA--AGREEMENT aCOMMON MARKET FOR EASTERN AND SOUTHERN AFRICA